000 01813nam a22001817a 4500
008 250520b |||||||| |||| 00| 0 eng d
020 _a9780241655528
040 _ctbs
041 _aeng
100 _aRicker, Elizabeth R.
_925272
_eauthor
245 _aBrain
_b: an owner's guide
_c/ Elizabeth R. Ricker.
260 _aLondon :
_bDK,
_c2025.
300 _a208 pages :
_billustrations (color) ;
_c20 cm.
520 _aBecome body literate with Brain: An Owner's Guide, the next book in The Body Literacy Library, an enlightening series that will democratise health for a new generation of readers. Brain: An Owner's Guide is an informative and practical guide to all aspects of brain health, from maximising your mental wellbeing today to protecting your brain against future serious health issues. Leading neuroscientist Eli Ricker explains how the brain works, how you can look after and protect your brain, and explains what you can do to improve your memory and concentration at any age. Ricker also looks at what constitutes mental "wellbeing", and the science behind a positive mindset, resilience, concentration and memory, as well as low mood, depression and brain fog. Dementia and other brain disorders are a huge concern for many and Ricker looks at how these occur, the latest medical research, and what you can do to protect your brain for life. From the importance of sleep and stress management to why dementia is a feminist issue, this hard-working book applies science to the everyday, with simple illustrations, checklists, FAQs, and myth busters, all supported by the latest medical research. Brain: An Owner's Guide can help you to better understand your mind and aims to enhance your long-term quality of life.
650 0 _aSelf-care, Health
_922295
650 0 _aBrain
_99635
942 _2lcc
999 _c4683
_d4683